| 000 | 00993nam a22002897a 4500 | ||
|---|---|---|---|
| 003 | CHAP | ||
| 005 | 20220329140352.0 | ||
| 008 | 971013s1962 r 00010 d | ||
| 010 | _a51016 | ||
| 011 | _a51988 | ||
| 035 | _a56138 | ||
| 040 | _cCHAP | ||
| 082 |
_a633.895 _bP64 |
||
| 100 | 0 | 0 |
_aPolhamus, Loren G. _990216 |
| 245 |
_aRubber _b: botany, production and utilization |
||
| 260 |
_aLondon : _bLeonard Hill, _c1962 |
||
| 300 |
_a449 p. _b: ilus. |
||
| 590 |
_aBATCH-UPD _b10 _c20130110 _lUCH01 _h1518 |
||
| 590 |
_aCONVERSION _b10 _c20130109 _lUCH01 _h1328 |
||
| 650 | 1 | 4 |
_aCaucho. _920537 |
| 901 | _aBK | ||
| 942 | _cLIBRO | ||
| 949 |
_a633.895 P64 _bBC _cLIBRO _d33724000200978 _eLIBRO _h22890 _i56138 _si _t180.00 |
||
| 949 |
_a633.895 P64 _bBC _cLIBRO _d33724000201075 _eLIBRO _fc.4 _h29033 _i56138 _si _t180.00 |
||
| 949 |
_a633.895 P64 _bBC _cLIBRO _d33724000201109 _eLIBRO _fc.3 _h22892 _i56138 _si _t180.00 |
||
| 949 |
_a633.895 P64 _bBC _cLIBRO _d33724002204298 _eLIBRO _fc.2 _h22891 _i56138 _si _t180.00 |
||
| 999 |
_c51016 _d51016 |
||